Variational calculus with elementary convexity
Αποθηκεύτηκε σε:
| Κύριος συγγραφέας: | |
|---|---|
| Άλλοι συγγραφείς: | |
| Μορφή: | Βιβλίο |
| Γλώσσα: | English |
| Δημοσίευση: |
New York :
Springer-Verlag,
c1983
|
| Σειρά: | Undergraduate texts in mathematics
|
| Θέματα: | |
| Ετικέτες: |
Προσθήκη ετικέτας
Δεν υπάρχουν, Καταχωρήστε ετικέτα πρώτοι!
|
MARC
| LEADER | 00000cam a2200000 i 4500 | ||
|---|---|---|---|
| 001 | 1/30996 | ||
| 008 | 941103s1983 eng d | ||
| 020 | |a 0387907718 | ||
| 035 | |l 10038713 | ||
| 035 | |a 1993 | ||
| 040 | |a GR-MY-UA |b gre |e aacr | ||
| 041 | 0 | |a eng | |
| 082 | 0 | |a 515.64 |2 (19) | |
| 100 | 1 | |a Troutman, John L. | |
| 245 | 1 | 0 | |a Variational calculus with elementary convexity / |c John L. Troutman with the assistance of W. Hrusa |
| 260 | |a New York : |b Springer-Verlag, |c c1983 | ||
| 300 | |a xiv, 364 p.; |b ill.; |c 25 cm | ||
| 490 | 1 | |a Undergraduate texts in mathematics | |
| 500 | |a Includes index | ||
| 504 | |a Bibliography: p. [351]-355 | ||
| 650 | 0 | 0 | |a Calculus of variations. |
| 650 | 0 | 0 | |a Convex functions. |
| 700 | 1 | |a Hrusa, W. (William) | |
| 830 | 0 | |a Undergraduate texts in mathematics | |
| 852 | |a INST |b SAMOS |e 19941103 |h 515.64 TRO |p 005300006813 |q 005300006813 |t BK |y 0 | ||
| 909 | |a Σ |b 029440 | ||